01094nam a2200289 a 4500001001200000003000800012006001900020007001500039008004100054020001800095020002700113040002100140035002100161050002300182100002000205245007300225260003500298300002400333504005100357533015200408650003500560650002000595655002900615710001700644856012600661999001700787ebr10580624CaPaEBRm u cr cn|||||||||120731s2012 enka sb 001 0 eng d z9781780490809 z9781782410027 (e-book) aCaPaEBRcCaPaEBR a(OCoLC)80165620014aBM526b.E34 2012eb1 aEigen, Michael.10aKabbalah and psychoanalysish[electronic resource] /cMichael Eigen. aLondon :bKarnac Books,c2012. axii, 141 p. :bill. aIncludes bibliographical references and index. aElectronic reproduction.bPalo Alto, Calif. :cebrary,d2011.nAvailable via World Wide Web.nAccess may be limited to ebrary affiliated libraries. 0aCabalaxPsychological aspects. 0aPsychoanalysis. 7aElectronic books.2local2 aebrary, Inc.40uhttp://site.ebrary.com/lib/rucke/Doc?id=10580624zAn electronic book accessible through the World Wide Web; click to view c84837d84837